| 000 | 00743 a2200241 4500 | ||
|---|---|---|---|
| 005 | 20260409122451.0 | ||
| 008 | 260409b |||||||| |||| 00| 0 eng d | ||
| 020 | _a978-1-032-623498 | ||
| 037 | _cTB | ||
| 040 |
_aCRL _cCRL |
||
| 041 |
_2eng _aeng |
||
| 084 |
_aS:86:(Q7) R5 _qCRL |
||
| 100 |
_aIsgandarova, Nazila _9822123 |
||
| 245 |
_aMindfulness tecniques and practice in islamic psychotherapy: _bthe power of muraqabah |
||
| 260 |
_aNew York, USA: _bRoutledge, _c2025. |
||
| 300 | _a163p. | ||
| 365 |
_b28.99 _cGBP |
||
| 650 | _aPsychotherapy | ||
| 650 | _aPsychology | ||
| 650 |
_aIslams _91234468 |
||
| 942 |
_cTB _2CC _hS:86:(Q7) R5 |
||
| 999 |
_c1435900 _d1435900 |
||